Estrecho dudoso /
保存先:
| 第一著者: | |
|---|---|
| その他の著者: | |
| フォーマット: | 図書 |
| 言語: | Spanish |
| 出版事項: |
San José, Costa Rica:
TEOR/éTICA
c2006.
|
| シリーズ: | TEOR/éTica arte + pensamiento
|
| 主題: | |
| タグ: |
タグ追加
タグなし, このレコードへの初めてのタグを付けませんか!
|
MARC
| LEADER | 00000nam a22000007a 4500 | ||
|---|---|---|---|
| 008 | 161005s2006 cr ao|||rc||| 00| 0 spa d | ||
| 020 | |a 9968899224 | ||
| 040 | |a CIICLA - UCR | ||
| 082 | |a 700.74 |b E82e | ||
| 100 | 1 | |a Díaz Bringas, Tamara |d 1973 |e Directora | |
| 245 | |a Estrecho dudoso / |c / coordinación y edición, Tamara Díaz Bringas, Virginia Pérez-Ratton | ||
| 260 | |a San José, Costa Rica: |b TEOR/éTICA |c c2006. | ||
| 300 | |a 276 páginas: |b ilustraciones ( algunas a color) | ||
| 490 | 1 | |a TEOR/éTica arte + pensamiento | |
| 500 | |a Incluye referencias bibliográficas. Texto también en inglés. | ||
| 505 | |a Autoría tomada de la contraportada |t Margarita Rita Rica Dinamita: Margarita Azurdia -- Convivencias: Juan Downey -- Límites -- Rutas intangibles -- Tráficos -- Niticias del filibustero. | ||
| 650 | 1 | 4 | |a ARTE |v EXPOSICIONES |v CATALOGOS |
| 700 | 1 | |a Pérez Johnston de Ratton, Virginia |d 1950-2010 | |
| 942 | |2 ddc |c REF | ||
| 999 | |c 6437 |d 6437 | ||



